[Event "Titled Tuesday intern op 7th Januar"]
[Site "Chess.com INT"]
[Date "2020.01.07"]
[Round "1"]
[White "Jansson, Aulin"]
[Black "Vestby Ellingsen, Mads"]
[Result "1-0"]
[WhiteElo "2139"]
[BlackElo "2329"]
[PlyCount "61"]
[EventDate "2020.01.07"]
[EventType "swiss (blitz)"]
[EventRounds "10"]
[EventCountry "USA"]
[SourceTitle "EXT 2021"]
[Source "ChessBase"]
[SourceDate "2020.10.23"]
[SourceVersion "1"]
[SourceVersionDate "2020.10.23"]
[SourceQuality "1"]

1. e4 e5 2. Nf3 Nc6 3. Bb5 a6 4. Bxc6 dxc6 5. Nc3 Bd6 6. d4 Bg4 7. dxe5 Bxf3 8. Qxf3 Bxe5 9. 0-0 Nf6 10. Bg5 Qe7 11. Rfe1 0-0-0 12. Bxf6 Bxf6 13. e5 Bg5 14. Ne4 Bh6 15. Qg3 Rhe8 16. f4 Kb8 17. b4 Qxb4 18. Rab1 Qd4+ 19. Kh1 Ka8 20. Qb3 Rb8 21. Qxf7 Rf8 22. Qxc7 Rfc8 23. Qd6 Qc4 24. e6 Rd8 25. Qe5 Qd5 26. e7 Qxe5 27. exd8Q Qxf4 28. Qe7 Qf5 29. Nd6 Qg5 30. Rxb7 Qxe7 31. Rxb8+ 1-0

[Event "Titled Tuesday intern op 7th Januar"]
[Site "Chess.com INT"]
[Date "2020.01.07"]
[Round "3"]
[White "Mostbauer, Maximilian"]
[Black "Jansson, Aulin"]
[Result "0-1"]
[WhiteElo "2242"]
[BlackElo "2152"]
[PlyCount "122"]
[EventDate "2020.01.07"]
[EventType "swiss (blitz)"]
[EventRounds "10"]
[EventCountry "USA"]
[SourceTitle "EXT 2021"]
[Source "ChessBase"]
[SourceDate "2020.10.23"]
[SourceVersion "1"]
[SourceVersionDate "2020.10.23"]
[SourceQuality "1"]

1. d4 Nf6 2. Nf3 e6 3. g3 b6 4. Bg2 Bb7 5. 0-0 Be7 6. b3 0-0 7. Bb2 d6 8. Nbd2 Nbd7 9. c4 a5 10. Re1 a4 11. e4 a3 12. Bc3 d5 13. exd5 exd5 14. Ne5 Re8 15. Rc1 c5 16. dxc5 Bxc5 17. Nxd7 Rxe1+ 18. Qxe1 Qxd7 19. Bxf6 Re8 20. Qd1 gxf6 21. Ne4 Qf5 22. Nxc5 bxc5 23. cxd5 Ba6 24. d6 Re2 25. Qf1 Rc2 26. Rxc2 Bxf1 27. d7 Qxd7 28. Bxf1 Qd4 29. h4 Kg7 30. Re2 c4 31. bxc4 Qxc4 32. Rd2 Qc3 33. Re2 f5 34. Re3 Qc1 35. Kg2 f4 36. gxf4 Qc6+ 37. Kh2 Qd6 38. Kg3 Kf6 39. Kf3 Qd5+ 40. Kg3 Qxa2 41. Bd3 Qb3 42. Bxh7 Qxe3+ 43. fxe3 a2 44. Be4 a1Q 45. Bg2 Qe1+ 46. Kf3 Qxh4 47. Bf1 Qh5+ 48. Kf2 Ke6 49. Bc4+ Kd6 50. Be2 Qh4+ 51. Kf3 Kd5 52. Bd3 Qh3+ 53. Kf2 f5 54. Bf1 Qh2+ 55. Bg2+ Kc4 56. Kf3 Kc3 57. Bf1 Kd2 58. Bg2 Qg1 59. Kg3 Kxe3 60. Kh3 Kxf4 61. Bc6 Qg3# 0-1

[Event "Titled Tuesday intern op 4th Sept"]
[Site "Chess.com INT"]
[Date "2018.09.04"]
[Round "3"]
[White "Martinez Reyes, Pedro Ramon"]
[Black "Jansson, Aulin"]
[Result "1-0"]
[WhiteElo "2412"]
[BlackElo "2210"]
[PlyCount "47"]
[EventDate "2018.09.04"]
[EventType "swiss (blitz)"]
[EventRounds "10"]
[EventCountry "USA"]
[SourceTitle "EXT 2021"]
[Source "ChessBase"]
[SourceDate "2020.10.23"]
[SourceVersion "1"]
[SourceVersionDate "2020.10.23"]
[SourceQuality "1"]

1. e4 c5 2. Nf3 d6 3. Bb5+ Bd7 4. c4 Nc6 5. d4 cxd4 6. Nxd4 Nxd4 7. Qxd4 Bxb5 8. cxb5 Nf6 9. Nc3 e6 10. 0-0 Be7 11. Rd1 0-0 12. Bg5 Ne8 13. Bxe7 Qxe7 14. a4 a5 15. Qb6 h6 16. Rac1 f5 17. Re1 fxe4 18. Rxe4 Qf7 19. f4 d5 20. Rxe6 Qxf4 21. Nxd5 Qxa4 22. Ne7+ Kf7 23. Rf1+ Nf6 24. Rexf6+ 1-0

[Event "Titled Tuesday intern op 1st May"]
[Site "Chess.com INT"]
[Date "2018.05.01"]
[Round "3"]
[White "Jansson, Aulin"]
[Black "Perez Rodriguez, Jennifer"]
[Result "1/2-1/2"]
[WhiteElo "2150"]
[BlackElo "2159"]
[PlyCount "98"]
[EventDate "2018.05.01"]
[EventType "swiss (blitz)"]
[EventRounds "10"]
[EventCountry "USA"]
[SourceTitle "EXT 2021"]
[Source "ChessBase"]
[SourceDate "2020.10.23"]
[SourceVersion "1"]
[SourceVersionDate "2020.10.23"]
[SourceQuality "1"]

1. e4 e5 2. Nf3 Nc6 3. Bb5 f5 4. d3 fxe4 5. dxe4 Nf6 6. Qd3 Bb4+ 7. c3 Bc5 8. b4 Bb6 9. a4 a6 10. Bc4 d6 11. 0-0 Qe7 12. Na3 Be6 13. Bxe6 Qxe6 14. Nc4 Ba7 15. b5 axb5 16. axb5 Bxf2+ 17. Kxf2 Rxa1 18. bxc6 bxc6 19. Bg5 Rxf1+ 20. Kxf1 0-0 21. Bxf6 Rxf6 22. Ne3 Rf8 23. Qc4 Qxc4+ 24. Nxc4 Rf4 25. Ncd2 Rf8 26. Ke2 Rb8 27. Kd3 h6 28. Ne1 Kf7 29. Nc2 Ke6 30. Nb4 c5 31. Nd5 c6 32. Ne3 g6 33. Nf3 d5 34. Ng4 c4+ 35. Ke3 Rb3 36. Ngxe5 Rxc3+ 37. Kd4 Rc2 38. Nxg6 Kf6 39. Nf4 dxe4 40. Kxe4 Rf2 41. Ke3 Ra2 42. Kd4 Kf5 43. g3 Rf2 44. Nh4+ Kg4 45. Nhg2 Kf3 46. Nh4+ Kg4 47. Nhg2 Kf3 48. Nh4+ Kg4 49. Nhg2 Kf3 1/2-1/2

[Event "Titled Tuesday intern op 1st May"]
[Site "Chess.com INT"]
[Date "2018.05.01"]
[Round "6"]
[White "Jansson, Aulin"]
[Black "Savins Puertas, Martin"]
[Result "0-1"]
[WhiteElo "2148"]
[BlackElo "2000"]
[PlyCount "72"]
[EventDate "2018.05.01"]
[EventType "swiss (blitz)"]
[EventRounds "10"]
[EventCountry "USA"]
[SourceTitle "EXT 2021"]
[Source "ChessBase"]
[SourceDate "2020.10.23"]
[SourceVersion "1"]
[SourceVersionDate "2020.10.23"]
[SourceQuality "1"]

1. e4 e5 2. Nf3 Nc6 3. Bb5 a6 4. Bxc6 dxc6 5. Nc3 Bg4 6. h3 Bxf3 7. Qxf3 Qf6 8. Qxf6 Nxf6 9. d3 Bc5 10. f4 Nd7 11. fxe5 Nxe5 12. Bf4 Bd6 13. Rf1 f6 14. 0-0-0 0-0-0 15. Ne2 Nf7 16. Ng3 Bxf4+ 17. Rxf4 Ng5 18. Nf5 Rd7 19. h4 Ne6 20. Rg4 b6 21. Re1 Re8 22. e5 g6 23. Ng3 f5 24. Ra4 Kb7 25. Kd2 b5 26. Ra3 Nc5 27. Rc3 Rd5 28. h5 Na4 29. Rb3 Rdxe5 30. Rxe5 Rxe5 31. d4 Re6 32. h6 f4 33. Ne2 g5 34. Rh3 Nxb2 35. Rh5 Nc4+ 36. Kd3 Re3# 0-1